000 00469nam a2200193Ia 4500
003 OSt
005 20220606121629.0
008 210210b1919 xxu||||| |||| 00| 0 eng d
040 _cAL
041 _aeng
082 _a321/28
100 _aMAITLAND (F W)
_940560
245 _aConstitutional history of England
260 _aCambridge
_bAt the University Press
_c1919
300 _a548
690 _aPolitical Science
_940561
906 _a003346
942 _2ddc
_cBK
999 _c121034
_d121034